| 000 | 00624nam a2200205 a 4500 | ||
|---|---|---|---|
| 001 | 000045268 | ||
| 003 | DO-SdBNP | ||
| 005 | 20250512125213.0 | ||
| 007 | ta | ||
| 008 | 150219s1992 dr a 000 0 spa d | ||
| 040 |
_aDO-SdBNP _bspa _cBNPHU |
||
| 082 | 4 | _222 | |
| 100 | 1 |
_aDauhajre, Andrés _96000 |
|
| 245 | 1 | 0 |
_aMercado y libertad / _cAndrés Dauhajre, Hijo. |
| 260 |
_aSanto Domingo : _bFundación Economía y Desarrollo, _c1992. |
||
| 300 |
_av. ; _c23 cm. |
||
| 500 | _aLa biblioteca posee el v. 2 | ||
| 710 | 2 | 2 |
_a Fundación Economía y Desarrollo (Santo Domingo, República Dominicana) _987751 |
| 942 |
_2ddc _cLBS1 |
||
| 999 |
_c44757 _d44757 |
||